[Event "Menorca op 3rd"]
[Site "Ciutadella de Menorca"]
[Date "2024.04.06"]
[Round "8"]
[White "Yuffa, Daniil"]
[Black "Klimkowski, Jan"]
[Result "1-0"]
[WhiteElo "2607"]
[BlackElo "2505"]
[PlyCount "53"]
[EventDate "2024.04.02"]
[EventType "swiss"]
[EventRounds "9"]
[EventCountry "ESP"]
[SourceTitle "CB15_2024"]
[SourceDate "2024.04.10"]
[SourceVersion "1"]
[SourceVersionDate "2024.04.10"]
[SourceQuality "1"]

1. Nf3 Nf6 2. c4 e6 3. g3 d5 4. Bg2 d4 5. 0-0 c5 6. e3 Nc6 7. exd4 cxd4 8. d3 Bd6 9. Nbd2 0-0 10. Ng5 e5 11. a3 Bg4 12. Qe1 h6 13. Nge4 Nxe4 14. Nxe4 Re8 15. b4 Bf8 16. h3 Be6 17. g4 f5 18. gxf5 Bxf5 19. f4 exf4 20. Bxf4 Qd7 21. b5 Nd8 22. Ra2 Nf7 23. Qh4 Ne5 24. Bxh6 Nxd3 25. Nf6+ gxf6 26. Bd5+ Re6 27. Rg2+ 1-0

[Event "Reykjavik op"]
[Site "Reykjavik"]
[Date "2024.03.15"]
[Round "1"]
[White "Reimer, Philip"]
[Black "Klimkowski, Jan"]
[Result "0-1"]
[WhiteElo "2095"]
[BlackElo "2532"]
[PlyCount "116"]
[EventDate "2024.03.15"]
[EventType "swiss"]
[EventRounds "9"]
[EventCountry "ISL"]
[SourceTitle "CB13_2024"]
[SourceDate "2024.03.27"]
[SourceVersion "1"]
[SourceVersionDate "2024.03.27"]
[SourceQuality "1"]

1. e4 c6 2. d4 d5 3. e5 Bf5 4. Nf3 e6 5. Be2 Ne7 6. 0-0 c5 7. dxc5 Nec6 8. Be3 Nd7 9. c4 dxc4 10. Na3 Bxc5 11. Bxc5 Nxc5 12. Nxc4 0-0 13. Rc1 Bg6 14. Nd6 Qb6 15. Nc4 Qd8 16. Nd6 b6 17. a3 a5 18. Bb5 Ne7 19. b4 axb4 20. axb4 Na6 21. Qd4 Nc7 22. Qxb6 Ned5 23. Qc5 Nxb5 24. Nxb5 Bd3 25. Rfe1 Bxb5 26. Qxb5 Rb8 27. Qc5 Rxb4 28. g3 Rb2 29. Rc2 Rb7 30. Qd4 Rb3 31. Qe4 Rb4 32. Rc4 Rb8 33. Rec1 h6 34. Kg2 Qa5 35. Nd4 Qa8 36. Nf3 Rb2 37. R4c2 Rb3 38. Rc6 Nb4 39. R6c4 Nd5 40. Rc6 Qb7 41. Nd2 Rb5 42. Kg1 Rd8 43. R6c2 Qb8 44. Nf3 Rb4 45. Rc4 Rxc4 46. Qxc4 Qb2 47. Re1 Ra8 48. Qe2 Qc3 49. Kg2 Ra3 50. Rb1 g6 51. Qe4 Ra2 52. Kg1 Qc5 53. Qd4 Qc2 54. Re1 Kg7 55. Kg2 Ne7 56. Rd1 Nf5 57. Qd2 Qb3 58. Qd8 Qxd1 0-1

[Event "Titled Tuesday intern op 12th Mar Early"]
[Site "Chess.com INT"]
[Date "2024.03.12"]
[Round "1"]
[White "Rosh, Jain"]
[Black "Klimkowski, Jan"]
[Result "0-1"]
[WhiteElo "2131"]
[BlackElo "2532"]
[PlyCount "114"]
[EventDate "2024.03.12"]
[EventType "swiss (blitz)"]
[EventRounds "11"]
[EventCountry "USA"]
[SourceTitle "CB12_2024"]
[SourceDate "2023.10.01"]
[SourceVersion "1"]
[SourceVersionDate "2023.10.01"]
[SourceQuality "1"]

1. e4 c5 2. Nc3 Nc6 3. f4 g6 4. Nf3 Bg7 5. a4 e6 6. e5 d5 7. Nb5 Nge7 8. Nd6+ Kf8 9. Ng5 f6 10. Ndf7 Qc7 11. exf6 Bxf6 12. Nxh8 Qxf4 13. Nxh7+ Kg7 14. Nxf6 Qxf6 15. Qf3 Nf5 16. c3 Ne5 17. Qh3 Bd7 18. Nxg6 Nxg6 19. g3 Bc6 20. Bb5 Ne5 21. Bxc6 bxc6 22. 0-0 c4 23. d4 cxd3 24. Bf4 Rh8 25. Qg2 Ng6 26. Rae1 e5 27. Bd2 e4 28. g4 Ngh4 29. Qh1 Qg6 30. h3 Ng3 31. Qh2 Nxf1 32. Rxf1 Nf3+ 33. Rxf3 exf3 34. Qc7+ Qf7 35. Qe5+ Qf6 36. Qc7+ Kg6 37. Qg3 f2+ 38. Kf1 Qe7 39. Qxd3+ Qe4 40. Qxe4+ dxe4 41. Kxf2 Rxh3 42. Be3 a6 43. b4 Rf3+ 44. Ke2 Rg3 45. g5 Kf5 46. a5 Rg2+ 47. Kf1 Rc2 48. Bd4 Kf4 49. g6 Kf3 50. Kg1 Rg2+ 51. Kf1 Rxg6 52. c4 e3 53. b5 cxb5 54. cxb5 axb5 55. Bb6 e2+ 56. Ke1 Rd6 57. Bd4 Rxd4 0-1

[Event "Titled Tuesday intern op 13th Feb Late"]
[Site "Chess.com INT"]
[Date "2024.02.13"]
[Round "4"]
[White "Trost, Edvin"]
[Black "Klimkowski, Jan"]
[Result "1-0"]
[WhiteElo "2434"]
[BlackElo "2531"]
[PlyCount "61"]
[EventDate "2024.02.13"]
[EventType "swiss (blitz)"]
[EventRounds "11"]
[EventCountry "USA"]
[SourceTitle "CB08_2024"]
[SourceDate "2024.02.21"]
[SourceVersion "1"]
[SourceVersionDate "2024.02.21"]
[SourceQuality "1"]

1. e4 c6 2. d4 d5 3. e5 Bf5 4. h4 h5 5. Bg5 Qb6 6. Bd3 Bxd3 7. Qxd3 Qxb2 8. Ne2 e6 9. 0-0 Na6 10. c3 Qb5 11. Qf3 Ne7 12. Nd2 Qa5 13. a4 Nf5 14. Nf4 Be7 15. Nxh5 Bxg5 16. hxg5 Ke7 17. g4 Nh4 18. Qg3 Nf5 19. Qf3 Nh4 20. Qg3 Ng6 21. f4 Nf8 22. Nxg7 Nd7 23. f5 Rag8 24. g6 fxg6 25. f6+ Kf7 26. Nf3 Rxg7 27. Ng5+ Kg8 28. fxg7 Kxg7 29. Nxe6+ Kg8 30. Qf3 Rh7 31. Qf8+ 1-0

[Event "Titled Tuesday intern op 06th Feb Early"]
[Site "Chess.com INT"]
[Date "2024.02.06"]
[Round "6"]
[White "Klimkowski, Jan"]
[Black "Garcia Ramos, Daniel"]
[Result "0-1"]
[WhiteElo "2531"]
[BlackElo "2442"]
[PlyCount "104"]
[EventDate "2024.02.06"]
[EventType "swiss (blitz)"]
[EventRounds "11"]
[EventCountry "USA"]
[SourceTitle "CB07_2024"]
[SourceDate "2024.02.14"]
[SourceVersion "1"]
[SourceVersionDate "2024.02.14"]
[SourceQuality "1"]

1. c4 e6 2. Nf3 d5 3. e3 Nf6 4. Nc3 Bd6 5. b3 0-0 6. Bb2 c6 7. Qc2 e5 8. d4 e4 9. Nd2 Re8 10. cxd5 cxd5 11. Nb5 Nc6 12. Nxd6 Qxd6 13. h3 Bf5 14. a3 Rac8 15. Qd1 Rc7 16. Be2 Rec8 17. Rc1 Ne7 18. Rxc7 Qxc7 19. 0-0 Qc2 20. Ba1 Kf8 21. b4 Bd7 22. b5 Nf5 23. a4 Nd6 24. Re1 Qa2 25. Bf1 Rc2 26. Re2 Qxa4 27. Nxe4 Ra2 28. Qxa4 Rxa4 29. Nxd6 Rxa1 30. Rb2 b6 31. g4 Ke7 32. Nf5+ Bxf5 33. gxf5 Ne4 34. Kg2 Nd6 35. Rc2 Nxf5 36. Rc7+ Ke6 37. Bd3 Nd6 38. Kf3 g6 39. Rc6 Ra3 40. Be2 Kd7 41. Rc2 Ra5 42. Rb2 Nc4 43. Rb4 Nd2+ 44. Kf4 Ne4 45. f3 Nd6 46. Ke5 Ra2 47. Bd3 Ra3 48. Bc2 Rxe3+ 49. Kxd5 Rxf3 50. Ra4 Nxb5 51. Ra1 Nc7+ 52. Kc4 Rxh3 0-1

[Event "Titled Tuesday intern op 06th Feb Early"]
[Site "Chess.com INT"]
[Date "2024.02.06"]
[Round "4"]
[White "Klimkowski, Jan"]
[Black "Martinez Pla, Xavier"]
[Result "1-0"]
[WhiteElo "2531"]
[BlackElo "2247"]
[PlyCount "85"]
[EventDate "2024.02.06"]
[EventType "swiss (blitz)"]
[EventRounds "11"]
[EventCountry "USA"]
[SourceTitle "CB07_2024"]
[SourceDate "2024.02.14"]
[SourceVersion "1"]
[SourceVersionDate "2024.02.14"]
[SourceQuality "1"]

1. b3 b6 2. Bb2 Bb7 3. c4 Nf6 4. Nf3 e6 5. d4 d5 6. Nbd2 Bd6 7. e3 0-0 8. Bd3 Nbd7 9. 0-0 Qe7 10. Qc2 Rac8 11. e4 dxe4 12. Nxe4 Nxe4 13. Bxe4 Bxe4 14. Qxe4 Nf6 15. Qh4 Ba3 16. Bc3 Bb4 17. Bb2 Ba3 18. Bc3 Bb4 19. Bxb4 Qxb4 20. Ne5 c5 21. Rad1 Rfd8 22. dxc5 Qxc5 23. Ng4 Qf5 24. h3 Kf8 25. Nxf6 gxf6 26. Qg3 Ke7 27. Rxd8 Rxd8 28. b4 Qd3 29. Qc7+ Rd7 30. Qc8 Rd8 31. Qc7+ Rd7 32. Qc8 Rd8 33. Qa6 Rd7 34. Rc1 Rc7 35. Qa4 Qd4 36. c5 bxc5 37. Qa5 Kd7 38. bxc5 f5 39. Qb5+ Ke7 40. c6 f4 41. Qg5+ Ke8 42. Rb1 Rxc6 43. Rb8+ 1-0

[Event "Titled Tuesday intern op 06th Feb Early"]
[Site "Chess.com INT"]
[Date "2024.02.06"]
[Round "3"]
[White "Truskavetsky, Alexandr"]
[Black "Klimkowski, Jan"]
[Result "1-0"]
[WhiteElo "2348"]
[BlackElo "2531"]
[PlyCount "79"]
[EventDate "2024.02.06"]
[EventType "swiss (blitz)"]
[EventRounds "11"]
[EventCountry "USA"]
[SourceTitle "CB07_2024"]
[SourceDate "2024.02.14"]
[SourceVersion "1"]
[SourceVersionDate "2024.02.14"]
[SourceQuality "1"]

1. d4 Nf6 2. c4 g6 3. Nc3 d5 4. cxd5 Nxd5 5. e4 Nxc3 6. bxc3 Bg7 7. Bc4 c5 8. Ne2 0-0 9. 0-0 Nc6 10. Be3 e6 11. Qd2 b6 12. Rac1 Bb7 13. Rfd1 Rc8 14. Qe1 cxd4 15. cxd4 Na5 16. Bd3 Qd7 17. Bd2 Nc6 18. Bb5 a6 19. Bxc6 Bxc6 20. f3 Bb5 21. Be3 Bc4 22. a3 Qa4 23. d5 exd5 24. exd5 Rfe8 25. Qd2 Bf8 26. Nc3 Qxa3 27. Ne4 Bg7 28. Bd4 Bxd5 29. Bxg7 Rxc1 30. Nf6+ Kxg7 31. Nxe8+ Kf8 32. Rxc1 Kxe8 33. Re1+ Be6 34. Qd5 Qc3 35. Qa8+ Ke7 36. Rd1 Qc8 37. Qa7+ Kf6 38. Qxb6 Qc4 39. Qd4+ Ke7 40. Qd8# 1-0

[Event "Jeddah YM 1st"]
[Site "Jeddah"]
[Date "2024.01.30"]
[Round "9"]
[White "Francisco Guecamburu, Candela Be"]
[Black "Klimkowski, Jan"]
[Result "1/2-1/2"]
[WhiteElo "2295"]
[BlackElo "2531"]
[PlyCount "71"]
[EventDate "2024.01.24"]
[EventType "tourn"]
[EventRounds "9"]
[EventCountry "SAU"]
[EventCategory "10"]
[SourceTitle "CB06_2024"]
[SourceDate "2024.02.07"]
[SourceVersion "1"]
[SourceVersionDate "2024.02.07"]
[SourceQuality "1"]

1. e4 c5 2. Nf3 d6 3. Bb5+ Nd7 4. 0-0 a6 5. Bd3 Ngf6 6. c3 e6 7. Bc2 b5 8. d4 Bb7 9. Re1 Be7 10. e5 dxe5 11. dxe5 Nd5 12. a4 h6 13. Qe2 Bc6 14. Na3 N7b6 15. c4 Nxc4 16. Nxc4 bxc4 17. Qxc4 Nb4 18. Be4 Bxe4 19. Qxe4 Qd5 20. Bd2 Nd3 21. Re2 Rb8 22. Bc3 Qxe4 23. Rxe4 0-0 24. Rd1 Nxb2 25. Rd7 Rfe8 26. Ra7 Rb3 27. Bxb2 Rxb2 28. Kf1 Bf8 29. Rxa6 Rc8 30. Rc4 Rd8 31. g3 Rd1+ 32. Kg2 Ra1 33. Rf4 Rb7 34. h4 Ra2 35. Ra8 g6 36. Nh2 1/2-1/2

[Event "Speed Chess Poland"]
[Site "Chess.com INT"]
[Date "2024.01.29"]
[Round "4.7"]
[White "Duda, Jan Krzysztof"]
[Black "Klimkowski, Jan"]
[Result "0-1"]
[WhiteElo "2732"]
[BlackElo "2531"]
[PlyCount "74"]
[EventDate "2024.01.19"]
[EventType "k.o. (blitz)"]
[EventRounds "4"]
[EventCountry "POL"]
[SourceTitle "CB05_2024"]
[SourceDate "2024.01.31"]
[SourceVersion "1"]
[SourceVersionDate "2024.01.31"]
[SourceQuality "1"]

1. e4 c5 2. Nf3 d6 3. d4 cxd4 4. Nxd4 Nf6 5. Nc3 a6 6. h4 e5 7. Nb3 Be7 8. Bg5 Be6 9. Bxf6 Bxf6 10. g3 Be7 11. Bh3 0-0 12. Qd3 Nd7 13. 0-0-0 Nf6 14. Kb1 b5 15. f4 b4 16. Nd5 Nxd5 17. exd5 Bxh3 18. Rxh3 exf4 19. Nd4 Bf6 20. gxf4 Qb6 21. Nc6 Rfe8 22. Rf3 a5 23. h5 h6 24. Qd2 Re4 25. a4 bxa3 26. Rb3 Qc5 27. Rxa3 a4 28. c3 Rae8 29. Qc2 Qb5 30. Nb4 Rxf4 31. Qxa4 Qe2 32. Qc2 Qxh5 33. Ra6 Rf2 34. Qxf2 Qxd1+ 35. Ka2 Bxc3 36. Ra7 Bf6 37. Qf5 Qd4 0-1

[Event "Speed Chess Poland"]
[Site "Chess.com INT"]
[Date "2024.01.29"]
[Round "4.2"]
[White "Klimkowski, Jan"]
[Black "Duda, Jan Krzysztof"]
[Result "0-1"]
[WhiteElo "2531"]
[BlackElo "2732"]
[PlyCount "88"]
[EventDate "2024.01.19"]
[EventType "k.o. (blitz)"]
[EventRounds "4"]
[EventCountry "POL"]
[SourceTitle "CB05_2024"]
[SourceDate "2024.01.31"]
[SourceVersion "1"]
[SourceVersionDate "2024.01.31"]
[SourceQuality "1"]

1. e4 c5 2. Nf3 d6 3. d4 cxd4 4. Nxd4 Nf6 5. Nc3 g6 6. Be2 Bg7 7. 0-0 0-0 8. Be3 Nc6 9. f3 Nxd4 10. Bxd4 Be6 11. Qd2 Qa5 12. Rad1 Rfc8 13. a3 Bc4 14. Kh1 Bxe2 15. Qxe2 Rc6 16. f4 Qh5 17. Qxh5 Nxh5 18. Bxg7 Nxg7 19. Rd2 Rac8 20. Rfd1 f6 21. Nd5 Kf7 22. c3 Ne6 23. Re1 Rc4 24. e5 dxe5 25. fxe5 f5 26. Nb4 a5 27. Nc2 b5 28. g3 Rd8 29. Rxd8 Nxd8 30. Nd4 b4 31. cxb4 axb4 32. Rd1 bxa3 33. bxa3 Ne6 34. Nf3 Rc3 35. Kg2 Rxa3 36. Rd2 g5 37. h3 h6 38. Kf2 Nc5 39. Kg2 Ne4 40. Re2 Rd3 41. g4 Nc3 42. Rb2 Nd5 43. gxf5 Ne3+ 44. Kf2 Nd1+ 0-1

[Event "Speed Chess Poland"]
[Site "Chess.com INT"]
[Date "2024.01.29"]
[Round "4.4"]
[White "Klimkowski, Jan"]
[Black "Duda, Jan Krzysztof"]
[Result "0-1"]
[WhiteElo "2531"]
[BlackElo "2732"]
[PlyCount "74"]
[EventDate "2024.01.19"]
[EventType "k.o. (blitz)"]
[EventRounds "4"]
[EventCountry "POL"]
[SourceTitle "CB05_2024"]
[SourceDate "2024.01.31"]
[SourceVersion "1"]
[SourceVersionDate "2024.01.31"]
[SourceQuality "1"]

1. e4 c5 2. Nf3 d6 3. Bb5+ Bd7 4. Bxd7+ Nxd7 5. 0-0 Ngf6 6. d3 g6 7. c4 Bg7 8. Nc3 0-0 9. h3 a6 10. Be3 e6 11. Qd2 Qc7 12. Rac1 Rfd8 13. Bh6 Ne5 14. Ne1 Nc6 15. Bxg7 Kxg7 16. f4 b5 17. Nf3 Rab8 18. b3 Qe7 19. Rce1 Nd4 20. Qf2 Nxf3+ 21. Qxf3 Nd7 22. Qg3 b4 23. Nd1 Qf6 24. e5 Qe7 25. f5 exf5 26. exd6 Qf6 27. Ne3 Kh8 28. Nd5 Qd4+ 29. Kh1 Nf6 30. Rf4 Nh5 31. Rxd4 Nxg3+ 32. Kh2 cxd4 33. c5 Nh5 34. Re7 Rb5 35. d7 Rxc5 36. Nb6 Nf6 37. Rxf7 Rc6 0-1

[Event "Speed Chess Poland"]
[Site "Chess.com INT"]
[Date "2024.01.29"]
[Round "4.8"]
[White "Klimkowski, Jan"]
[Black "Duda, Jan Krzysztof"]
[Result "0-1"]
[WhiteElo "2531"]
[BlackElo "2732"]
[PlyCount "64"]
[EventDate "2024.01.19"]
[EventType "k.o. (blitz)"]
[EventRounds "4"]
[EventCountry "POL"]
[SourceTitle "CB05_2024"]
[SourceDate "2024.01.31"]
[SourceVersion "1"]
[SourceVersionDate "2024.01.31"]
[SourceQuality "1"]

1. e4 e6 2. d4 d5 3. e5 c5 4. c3 Bd7 5. Nf3 a6 6. Be2 cxd4 7. cxd4 Bb5 8. 0-0 Nc6 9. Be3 Nge7 10. Bxb5 axb5 11. Qd3 b4 12. Nbd2 Nf5 13. Qb5 Qa5 14. Qxa5 Rxa5 15. Nb3 Ra6 16. Bd2 h5 17. h3 Be7 18. g4 Nh6 19. Bxh6 Rxh6 20. g5 Rh8 21. h4 Kd7 22. Nc1 Rha8 23. b3 Na7 24. Rb1 Nb5 25. Rb2 Nc3 26. Rc2 Nxa2 27. Nxa2 Rxa2 28. Rfc1 Rxc2 29. Rxc2 Ra3 30. Nd2 Bd8 31. Rc5 Bb6 32. Rb5 Kc6 0-1

[Event "Speed Chess Poland"]
[Site "Chess.com INT"]
[Date "2024.01.29"]
[Round "4.12"]
[White "Klimkowski, Jan"]
[Black "Duda, Jan Krzysztof"]
[Result "1/2-1/2"]
[WhiteElo "2531"]
[BlackElo "2732"]
[PlyCount "112"]
[EventDate "2024.01.19"]
[EventType "k.o. (blitz)"]
[EventRounds "4"]
[EventCountry "POL"]
[SourceTitle "CB05_2024"]
[SourceDate "2024.01.31"]
[SourceVersion "1"]
[SourceVersionDate "2024.01.31"]
[SourceQuality "1"]

1. e4 e6 2. d4 d5 3. e5 c5 4. c3 Bd7 5. Nf3 a6 6. Be2 cxd4 7. cxd4 Bb5 8. 0-0 Nc6 9. Nc3 Bxe2 10. Nxe2 Nge7 11. Ng3 Qb6 12. Qd3 Qb5 13. Qe3 h5 14. h4 Ng6 15. Qe2 Be7 16. Bg5 Bxg5 17. hxg5 h4 18. Qxb5 axb5 19. Ne2 Nge7 20. Nc3 Na7 21. a4 b4 22. Nb5 Nxb5 23. axb5 Kd7 24. Rfc1 Nf5 25. Kf1 Rhc8 26. Rxa8 Rxc1+ 27. Ke2 Rc2+ 28. Ke1 Rxb2 29. Rf8 b3 30. Rxf7+ Kc8 31. Nd2 Nxd4 32. Rxg7 Rc2 33. Nxb3 Nxb3 34. g6 h3 35. gxh3 Rc1+ 36. Ke2 Nd4+ 37. Kd3 Nf5 38. Rf7 Rd1+ 39. Kc3 Rg1 40. Rf6 Kd7 41. Rf7+ Kd8 42. Rxb7 Rxg6 43. b6 Kc8 44. Rf7 Rh6 45. Rf6 Rxh3+ 46. Kb4 Kd7 47. b7 Nd4 48. Rf7+ Kc6 49. b8N+ Kb6 50. Nd7+ Kc6 51. Nb8+ Kb6 52. Nd7+ Kc7 53. Kc5 Nb3+ 54. Kb4 Nd4 55. Kc5 Nb3+ 56. Kb4 Nd4 1/2-1/2

[Event "Speed Chess Poland"]
[Site "Chess.com INT"]
[Date "2024.01.27"]
[Round "3.1"]
[White "Klimkowski, Jan"]
[Black "Kozak, Antoni"]
[Result "0-1"]
[WhiteElo "2531"]
[BlackElo "2442"]
[PlyCount "114"]
[EventDate "2024.01.19"]
[EventType "k.o. (blitz)"]
[EventRounds "4"]
[EventCountry "POL"]
[SourceTitle "CB05_2024"]
[SourceDate "2024.01.31"]
[SourceVersion "1"]
[SourceVersionDate "2024.01.31"]
[SourceQuality "1"]

1. e4 c6 2. Nf3 d5 3. Nc3 Bg4 4. h3 Bxf3 5. Qxf3 e6 6. Be2 Nd7 7. 0-0 g6 8. d4 Bg7 9. Rd1 Ne7 10. Bg5 0-0 11. Bf1 h6 12. Be3 f5 13. exd5 exd5 14. Bf4 g5 15. Bd6 Nf6 16. Be5 Ne4 17. Bxg7 Kxg7 18. Nxe4 fxe4 19. Qg3 Rf4 20. c4 Qd7 21. cxd5 Nxd5 22. Rd2 Raf8 23. Bc4 Qf5 24. Re1 h5 25. Bxd5 cxd5 26. Rc1 Rf7 27. Qe3 h4 28. Rdc2 g4 29. hxg4 Rxg4 30. Rc7 Qf3 31. Rxf7+ Kxf7 32. Qxf3+ exf3 33. g3 Rxd4 34. Rc7+ Ke6 35. Rxb7 a5 36. gxh4 Rxh4 37. Rb3 Rf4 38. Kf1 a4 39. Rd3 Ke5 40. Ke1 Rb4 41. b3 Ke4 42. Re3+ Kf4 43. Rd3 d4 44. bxa4 Rxa4 45. a3 Ke4 46. Rb3 Ra8 47. Kd2 Ra6 48. Rb8 Rxa3 49. Re8+ Kf5 50. Rg8 Ra2+ 51. Kd3 Rxf2 52. Kxd4 Re2 53. Kd3 Kf4 54. Rf8+ Kg3 55. Rh8 Re7 56. Rg8+ Kh2 57. Rf8 Kg2 0-1

[Event "Speed Chess Poland"]
[Site "Chess.com INT"]
[Date "2024.01.27"]
[Round "3.7"]
[White "Klimkowski, Jan"]
[Black "Kozak, Antoni"]
[Result "1-0"]
[WhiteElo "2531"]
[BlackElo "2442"]
[PlyCount "57"]
[EventDate "2024.01.19"]
[EventType "k.o. (blitz)"]
[EventRounds "4"]
[EventCountry "POL"]
[SourceTitle "CB05_2024"]
[SourceDate "2024.01.31"]
[SourceVersion "1"]
[SourceVersionDate "2024.01.31"]
[SourceQuality "1"]

1. d4 Nf6 2. c4 e6 3. Nf3 d5 4. Nc3 c6 5. Bg5 h6 6. Bh4 dxc4 7. e4 b5 8. e5 g5 9. Nxg5 hxg5 10. Bxg5 Nbd7 11. exf6 Bb7 12. h4 Qa5 13. Be2 0-0-0 14. 0-0 Bh6 15. a4 Bxg5 16. hxg5 b4 17. Ne4 Qc7 18. Ng3 Qf4 19. Bf3 Qxg5 20. Re1 Qh4 21. Qc2 Qh2+ 22. Kf1 Ba6 23. Ke2 Nc5 24. Rh1 Nb3 25. Qe4 c3+ 26. Ke3 cxb2 27. Qxc6+ Kb8 28. Qa8+ Kc7 29. Qxa7+ 1-0

[Event "Speed Chess Poland"]
[Site "Chess.com INT"]
[Date "2024.01.27"]
[Round "3.11"]
[White "Klimkowski, Jan"]
[Black "Kozak, Antoni"]
[Result "1-0"]
[WhiteElo "2531"]
[BlackElo "2442"]
[PlyCount "59"]
[EventDate "2024.01.19"]
[EventType "k.o. (blitz)"]
[EventRounds "4"]
[EventCountry "POL"]
[SourceTitle "CB05_2024"]
[SourceDate "2024.01.31"]
[SourceVersion "1"]
[SourceVersionDate "2024.01.31"]
[SourceQuality "1"]

1. e4 c6 2. Nf3 d5 3. Nc3 Bg4 4. h3 Bxf3 5. Qxf3 e6 6. Be2 Nd7 7. 0-0 g6 8. d4 Bg7 9. Be3 Ne7 10. h4 h6 11. exd5 cxd5 12. Nb5 0-0 13. c3 Nf5 14. h5 Nxe3 15. Qxe3 a6 16. Na3 g5 17. Nc2 Qe7 18. Nb4 Rae8 19. Rae1 f5 20. Nd3 Nb6 21. Bd1 Nc4 22. Qe2 Qf7 23. Ba4 Re7 24. Bc2 Nd6 25. g4 Ne4 26. Kg2 f4 27. Kh3 e5 28. dxe5 Rfe8 29. Bb3 Nf6 30. Qf3 1-0

[Event "Speed Chess Poland"]
[Site "Chess.com INT"]
[Date "2024.01.27"]
[Round "3.6"]
[White "Kozak, Antoni"]
[Black "Klimkowski, Jan"]
[Result "1/2-1/2"]
[WhiteElo "2442"]
[BlackElo "2531"]
[PlyCount "85"]
[EventDate "2024.01.19"]
[EventType "k.o. (blitz)"]
[EventRounds "4"]
[EventCountry "POL"]
[SourceTitle "CB05_2024"]
[SourceDate "2024.01.31"]
[SourceVersion "1"]
[SourceVersionDate "2024.01.31"]
[SourceQuality "1"]

1. Nf3 d5 2. e3 Nf6 3. c4 e6 4. b3 b6 5. Bb2 Bb7 6. cxd5 exd5 7. g3 Be7 8. Bg2 0-0 9. 0-0 c5 10. d4 Nbd7 11. Nc3 Rc8 12. dxc5 Nxc5 13. Nd4 Qd7 14. b4 Nce4 15. Nxe4 dxe4 16. a3 Bd5 17. Qd2 Bc4 18. Rfc1 Bd3 19. Ne2 Nd5 20. Rxc8 Rxc8 21. Rc1 f5 22. Rxc8+ Qxc8 23. Nc1 Bc4 24. Bf1 b5 25. Ne2 a6 26. Nf4 Nxf4 27. exf4 Bxf1 28. Kxf1 Qe6 29. Kg1 h6 30. h4 Kf7 31. h5 g6 32. hxg6+ Qxg6 33. Qd5+ Qe6 34. Qd1 Ke8 35. Qh5+ Kd7 36. Bg7 e3 37. fxe3 Qxe3+ 38. Kg2 Qe4+ 39. Kh2 Qc2+ 40. Kh3 Qe4 41. Kh2 Qc2+ 42. Kh3 Qe4 43. Kh2 1/2-1/2

[Event "Speed Chess Poland"]
[Site "Chess.com INT"]
[Date "2024.01.27"]
[Round "3.16"]
[White "Kozak, Antoni"]
[Black "Klimkowski, Jan"]
[Result "0-1"]
[WhiteElo "2442"]
[BlackElo "2531"]
[PlyCount "48"]
[EventDate "2024.01.19"]
[EventType "k.o. (blitz)"]
[EventRounds "4"]
[EventCountry "POL"]
[SourceTitle "CB05_2024"]
[SourceDate "2024.01.31"]
[SourceVersion "1"]
[SourceVersionDate "2024.01.31"]
[SourceQuality "1"]

1. e4 c5 2. Be2 Nc6 3. f4 g6 4. Nf3 Bg7 5. 0-0 e6 6. c3 d5 7. e5 d4 8. Bb5 Nge7 9. d3 0-0 10. Qe2 a6 11. Ba4 b5 12. Bc2 Bb7 13. Nbd2 dxc3 14. bxc3 b4 15. c4 Nf5 16. Ne4 Ncd4 17. Nxd4 Qxd4+ 18. Kh1 Qxa1 19. Nxc5 Bc6 20. Nb3 Qxa2 21. d4 Ba4 22. Qd3 Rfd8 23. d5 exd5 24. cxd5 Rac8 0-1

[Event "Speed Chess Poland"]
[Site "Chess.com INT"]
[Date "2024.01.27"]
[Round "3.18"]
[White "Kozak, Antoni"]
[Black "Klimkowski, Jan"]
[Result "1/2-1/2"]
[WhiteElo "2442"]
[BlackElo "2531"]
[PlyCount "148"]
[EventDate "2024.01.19"]
[EventType "k.o. (blitz)"]
[EventRounds "4"]
[EventCountry "POL"]
[SourceTitle "CB05_2024"]
[SourceDate "2024.01.31"]
[SourceVersion "1"]
[SourceVersionDate "2024.01.31"]
[SourceQuality "1"]

1. Nf3 Nf6 2. c4 c5 3. Nc3 d5 4. cxd5 Nxd5 5. e3 e6 6. Nxd5 Qxd5 7. Qc2 Nc6 8. a3 Be7 9. Bd3 h6 10. b3 Bf6 11. Be4 Qd6 12. Bb2 Bxb2 13. Qxb2 0-0 14. Rc1 Bd7 15. 0-0 Rac8 16. Rfd1 b6 17. Bb1 Ne7 18. Qc2 f5 19. Qb2 Bc6 20. Ne5 Bd5 21. h3 Rfd8 22. Nc4 Bxc4 23. bxc4 e5 24. Bc2 Rc7 25. Qb1 Qf6 26. a4 a5 27. Bd3 Rcd7 28. Bf1 Rxd2 29. Rxd2 Rxd2 30. Rd1 Rd6 31. Rxd6 Qxd6 32. Qb5 Kf7 33. g3 Qc6 34. Qb3 Qd6 35. Qb5 e4 36. Be2 g6 37. Kf1 Ng8 38. Qa6 Nf6 39. Qb7+ Nd7 40. g4 Kf6 41. gxf5 gxf5 42. Qc8 Ne5 43. Qh8+ Ke7 44. Qh7+ Nf7 45. Qxf5 Qe6 46. Qh5 Ne5 47. Qh4+ Kd6 48. Qxe4 Qxh3+ 49. Ke1 Qe6 50. Qb7 Nd7 51. Qh1 Qf6 52. Qh2+ Ke7 53. f4 Nf8 54. Qg2 Qe6 55. Kf2 Nd7 56. Qg7+ Kd8 57. Bg4 Qd6 58. Bxd7 Qd2+ 59. Kf3 Qxd7 60. Qxh6 Qd1+ 61. Ke4 Qc2+ 62. Kd5 Qd1+ 63. Kc6 Qxa4+ 64. Kxb6 Qb4+ 65. Ka7 Qxc4 66. Qd6+ Ke8 67. f5 Qf7+ 68. Kb6 Qxf5 69. Qxc5 Qxc5+ 70. Kxc5 Ke7 71. Kb5 Ke6 72. Kxa5 Ke5 73. Kb4 Ke4 74. Kc3 Kxe3 1/2-1/2

[Event "Speed Chess Poland"]
[Site "Chess.com INT"]
[Date "2024.01.25"]
[Round "2.9"]
[White "Bartel, Mateusz"]
[Black "Klimkowski, Jan"]
[Result "1-0"]
[WhiteElo "2657"]
[BlackElo "2531"]
[PlyCount "91"]
[EventDate "2024.01.19"]
[EventType "k.o. (blitz)"]
[EventRounds "4"]
[EventCountry "POL"]
[SourceTitle "CB05_2024"]
[SourceDate "2024.01.31"]
[SourceVersion "1"]
[SourceVersionDate "2024.01.31"]
[SourceQuality "1"]

1. Nf3 d5 2. g3 g6 3. Bg2 Bg7 4. 0-0 Nf6 5. d4 0-0 6. c3 Nbd7 7. Bf4 c5 8. Ne5 Qb6 9. b3 Rd8 10. e3 Nxe5 11. Bxe5 Bf5 12. dxc5 Qxc5 13. Qd4 Rac8 14. Qxc5 Rxc5 15. Bd4 Ra5 16. Nd2 Ne4 17. Nxe4 Bxe4 18. Bxe4 dxe4 19. a4 Rc8 20. c4 Bxd4 21. exd4 Ra6 22. Rae1 Rb6 23. Re3 e6 24. Rd1 Rd8 25. c5 Rb4 26. Rxe4 Rxb3 27. d5 Rxd5 28. Rxd5 exd5 29. Re7 Rb4 30. Rd7 a5 31. Kf1 Rxa4 32. Rxb7 Rc4 33. Rb5 a4 34. Ra5 Rc2 35. Rxa4 Rxc5 36. Ke2 Kg7 37. Ke3 Rc3+ 38. Kd4 Rc2 39. Ke3 Kf6 40. h4 Ke5 41. Ra7 d4+ 42. Kf3 d3 43. Rxf7 Kd4 44. Rxh7 Rc1 45. Rd7+ Kc3 46. Kg4 1-0

[Event "Speed Chess Poland"]
[Site "Chess.com INT"]
[Date "2024.01.25"]
[Round "2.15"]
[White "Bartel, Mateusz"]
[Black "Klimkowski, Jan"]
[Result "0-1"]
[WhiteElo "2657"]
[BlackElo "2531"]
[PlyCount "66"]
[EventDate "2024.01.19"]
[EventType "k.o. (blitz)"]
[EventRounds "4"]
[EventCountry "POL"]
[SourceTitle "CB05_2024"]
[SourceDate "2024.01.31"]
[SourceVersion "1"]
[SourceVersionDate "2024.01.31"]
[SourceQuality "1"]

1. e4 c5 2. Nf3 d6 3. Nc3 Nf6 4. h3 a6 5. g4 Nc6 6. Bg2 e5 7. d3 Be7 8. Ne2 h5 9. g5 Nd7 10. c3 Nf8 11. d4 h4 12. d5 Nb8 13. Be3 Nbd7 14. Qd2 b5 15. Rg1 c4 16. b4 a5 17. a3 Ng6 18. Bf1 Nb6 19. Rb1 axb4 20. axb4 Bd7 21. Nh2 Ra3 22. f4 exf4 23. Nxf4 Ne5 24. g6 0-0 25. Bd4 Bg5 26. Qf2 fxg6 27. Bxb6 Qf6 28. Rxg5 Qxg5 29. Be3 Rxc3 30. Bd2 Rb3 31. Rxb3 cxb3 32. Nf3 Rxf4 33. Nxe5 Rxe4+ 0-1